=LDR 00000nam 2200000 4500 =001 INLIS000000000032929 =005 20200428113714 =035 ##$$a 0010-061300000032929 =008 200428################g##########0#ind## =041 ##$$a Ind =082 ##$$a 2x3.51 =090 ##$$a 028.55, Sya s =100 ##$$a Chodjim, Achmad =245 1#$$a Syekh Siti Jenar : $b Makna " Kematian" /$c Achmad Chodjim =260 ##$$a Jakarta :$b Serambi,$c 2003 =300 ##$$a xxxii, 262 hlm.32 hlm, ; $c 21 x 14 cm. =650 #4$$a Syekh Siti Jenar =850 ##$$a NBPNMAT =084 ##$$a 2x3.51 CHO s =990 ##$$a 2033441